| Tag |
First Indicator |
Second Indicator |
Subfields |
| LEADER |
00000pam a2200000 i 4500 |
| 001 |
in00000463721 |
| 005 |
20151012163743.0 |
| 008 |
760927s1977 nyuaf b 00110 eng |
| 010 |
|
|
|a 76046503
|
| 020 |
|
|
|a 0465026311 :
|c $12.50
|
| 035 |
|
|
|a (OCoLC)02525049
|
| 035 |
|
|
|9 ABZ6822AM
|
| 040 |
|
|
|a DLC
|c DLC
|d TXA
|d UtOrBLW
|
| 043 |
|
|
|a n-us---
|
| 049 |
|
|
|a TXAM
|c [1360571]
|
| 050 |
0 |
0 |
|a E169.12
|b .D54
|
| 082 |
0 |
|
|a 973.92
|
| 100 |
1 |
|
|a Dickstein, Morris.
|
| 245 |
1 |
0 |
|a Gates of Eden :
|b American culture in the sixties /
|c Morris Dickstein.
|
| 264 |
|
1 |
|a New York :
|b Basic Books,
|c [1977]
|
| 264 |
|
4 |
|c ©1977
|
| 300 |
|
|
|a xi, 300 pages, 3 unnumbered leaves of plates :
|b illustrations ;
|c 22 cm.
|
| 336 |
|
|
|a text
|b txt
|2 rdacontent
|
| 337 |
|
|
|a unmediated
|b n
|2 rdamedia
|
| 338 |
|
|
|a volume
|b nc
|2 rdacarrier
|
| 500 |
|
|
|a Includes index.
|
| 504 |
|
|
|a Bibliography: pages 279-292.
|
| 651 |
|
0 |
|a United States
|x Civilization
|y 1945-
|
| 999 |
|
|
|a MARS
|
| 999 |
f |
f |
|s fa35f318-0611-3a03-93d9-7e228fccfd94
|i 8ab338fd-da8d-3e90-af6e-32ec6f62ab5c
|t 0
|
| 952 |
f |
f |
|p normal
|a Texas A&M University
|b College Station
|c Sterling C. Evans Library
|d Evans: Library Stacks
|t 0
|e E169.12 .D54
|h Library of Congress classification
|i unmediated -- volume
|m A14802158246
|
| 998 |
f |
f |
|a E169.12 .D54
|t 0
|l Evans: Library Stacks
|